1343 1541 1752 1972 1857 1655 1383 1284 1008 1155 1663 1320 1551 1777 1319 1884 1236 1685 1839 1209 1188 1072 1219 1910 1303 1453 1537 1099 1197 1222 1713 1178 1530 1936 1519 1064 1010 1280 1493 1458 1255 1762 1685 1880 1737 1398 1206 1398 1440 1105 1480 1668 1306 1721 1138 1596 1090 1185 1219 1657 1166 1406 1632 1110 1139 1031 1385 1110 1647 1491 1009 1178 1445 1875 1429 1620 1586 1970 1831 1290 1295 1589 1019 1372 1531 1451 1951 1640 1993 1059 1045 1017 1706 1850 1065 1506 1460 1040 1795 BCNSPRNW ULIB Ver.6.0+V

เปลี่ยนเป็นภาษาไทย

Change to English
 แสดงรายละเอียดบรรณานุกรม
  กลับหน้าหลัก

Brief Record : Get Marc (ISO 2709) : E-mail record : QR code < ปิดหน้าต่าง
LEADER : 00000nam 2200000uu 4500
001    13399127380
003     ULIB
008    020711s2020 th a 000 0 eng d
020    ^a9780323595421
060    ^aWY100^bH371U
100    ^aHaugen Nancy , Galura J. Sandra (Author)
245    ^aUlrich & Canale s Nursing Care Planning Guides: Prioritization, Delegation, and Clinical Reasoning
250    ^a8th ed
260    ^aSt.Louis, Missouri :^bELSEVIER,^c2020
300    ^a912 pages;^b28 cm
650    ^aNursing Care Planning
945    ^p1636^l0^i007048
999    ^aอังศุธร กาญจนาโรจน์พันธ์
รายการนี้ยังไม่มีแท็ก
คุณยังไม่ได้ล็อกอิน คุณสามารถมีกิจกรรมร่วมกับเว็บไซต์ได้ แต่ต้องล็อกอินก่อน ::
  ล็อกอิน

รายการสื่อสารสนเทศ

ลำดับที่ ประเภท เลขเรียก/บาร์โค้ด สถานที่ สถานะ
1. Book การพยาบาล
หนังสือสำรอง
สถานะ=หนังสือสำรอง
WY100 H371U ฉ.1 
  Barcode: 007048
ห้องสมุดวิทยาเขตสวรรค์ประชารักษ์
►หนังสือทั่วไป
บนชั้น

รายการใกล้เคียง
    ชื่อเรื่อง [Ulrich & Canale s Nursing Care Planning Guides: Prioritization, Delegation, and Clinical Reasoning]

    หัวเรื่อง [Nursing Care Planning]

BibComment


ยังไม่เคยถูกคอมเมนท์

คอมเมนท์ทรัพยากรรายการนี้
  คอมเมนท์: Ulrich Canale s..


 Copyright 2026. Bcnsprnw @Library